Entrada Nombre personal
Número de registros utilizados en: 3
001 - NÚMERO DE CONTROL
003 - IDENTIFICADOR DEL NÚMERO DE CONTROL
- campo de control:
DR-UNIBE
005 - FECHA Y HORA DE LA ÚLTIMA TRANSACCIÓN
- campo de control:
20250519113741.0
008 - DATOS DE LONGITUD FIJA
- campo de control de longitud fija:
250519|| aca||aabn | a|a d
040 ## - FUENTE DE LA CATALOGACIÓN
- Centro catalogador/agencia de origen:
DR-UNIBE
- Centro/agencia transcriptor:
DR-UNIBE
100 ## - ENCABEZAMIENTO-NOMBRE DE PERSONA
- Nombre de persona:
Martínez, Modesto
- Forma completa/desarrollada del nombre:
(Martínez Mejía, Modesto Antonio),
- Fechas asociadas al nombre:
1961-
670 ## - FUENTE DE DATOS ENCONTRADOS
- Cita de la fuente:
Work cat.: (DR-UNIBE)113650: Martínez, Modesto (Martínez Mejía, Modesto Antonio), 1961- autor, El abogado penalista en materia criminal /, 2004